Introduction to Data Systems: Building from Python
Kaydedildi:
| Yazar: | |
|---|---|
| Materyal Türü: | Kitap |
| Baskı/Yayın Bilgisi: |
Springer
|
| Etiketler: |
Etiket eklenmemiş, İlk siz ekleyin!
|
MARC
| LEADER | 00000nam a2200000Ia 4500 | ||
|---|---|---|---|
| 005 | 20260513122048.0 | ||
| 020 | |a 9783030543730 | ||
| 100 | |a Bressoud | ||
| 365 | |c € | ||
| 365 | |b 28.00 | ||
| 942 | |c BK | ||
| 245 | |a Introduction to Data Systems: Building from Python | ||
| 260 | |b Springer | ||
| 999 | |c 1 |d 1 | ||
| 952 | |0 0 |1 0 |4 0 |7 0 |a UNSW |b UNSW |d 2026-05-08 |g 49.99 |i 16697 |l 0 |p 000155 |r 2026-05-13 12:20:48 |v 49.99 |w 2026-05-13 |y BK | ||